000 03345nam a2200457Ia 4500
001 bslw07579448
003 UtOrBLW
005 20210303085229.0
006 m d
007 cr un|||||||||
008 110527s2011 enk o 000 0 eng d
020 _a9780857247964 (electronic bk.) :
_c£62.95 ; €89.95 ; $114.95
040 _aUtOrBLW
_cUtOrBLW
050 4 _aHM499
_b.B58 2011
072 7 _aJHBA
_2bicssc
072 7 _aJHB
_2bicssc
072 7 _aSOC000000
_2bisacsh
072 7 _aSOC026000
_2bisacsh
072 7 _aSOC002000
_2bisacsh
080 _a316.35
082 0 4 _a302
_222
245 0 0 _aBlue ribbon papers
_h[electronic resource] :
_binteractionism : the emerging landscape /
_cedited by Norman K. Denzin, Lonnie Athens, Ted Faust.
260 _aBingley, U.K. :
_bEmerald,
_c2011.
300 _a1 online resource (199 p.).
490 0 _aStudies in symbolic interaction,
_x0163-2396 ;
_vv. 36
505 0 _aInteractionism : the growing threat of intellectual extinction / Lonnie Athens -- Revisiting the Mead-Blumer controversy / Gary A. Cook -- The Chicago School : a political interpretation / Norbert Wiley -- Language and mind in the thought of G. H. Mead : challenges from Chomsky's linguistics / Antony J. Puddephatt -- The coinage of the self : money, signs, and the social self / Robert Perinbanayagam -- Santayana : entering into the drama of his social thought / Natalia Ruiz-Junco -- Death becomes Mead : toward a radical interactionist reading of Million dollar baby / Michael A. Katovich -- A home in brick city / Jeffrey M. Togman.
520 _aVolume 36 of Studies in Symbolic Interaction is solely devoted to the Blue-Ribbon Papers, under the special issue editorship of Lonnie Athens. Nine papers are published in which hotly-contested issues are raised that, even if only resolved partially, could permanently change the future direction of interactional thought. Among the questions addressed are: whether there ever existed a genuine sociological school of thought based on interactionsim at the University Chicago, whether Herbert Blumer misinterpreted the major thrust of George Herbert Meads thought, whether conventional or radical interactionism is the most insightful perspective from which to examine crucial life decisions that are conflict-ridden, whether George Herbert Meads and George Santayanas perspectives converged with or diverged from one anothers and with radical interactionism, whether language develops primarily from the inside out or from the outside in, whether personal economics is mainly responsible for self esteem and the over-all functioning of the self in everyday life, and whether filming constitutes a method of recording data that traditional ethnographers should include in their tool box?.
588 0 _aPrint version record
650 7 _aSocial Science
_xGeneral.
_2bisacsh
650 7 _aSocial Science
_xSociology
_xGeneral.
_2bisacsh
650 7 _aSocial Science
_xAnthropology
_xGeneral.
_2bisacsh
650 7 _aSocial theory.
_2bicssc
650 7 _aSociology.
_2bicssc
650 0 _aSymbolic interactionism.
700 1 _aDenzin, Norman K.
700 1 _aAthens, Lonnie H.
700 1 _aFaust, Thomas.
776 1 _z9780857247957
856 4 0 _uhttps://www.emerald.com/insight/publication/doi/10.1108/S0163-2396(2011)36
913 _1May2011
999 _c31271
_d31271